Blur Albums - Statistics

General Stats
  • This quiz has been taken 243 times
  • The average score is 9 of 17
Answer Stats
Type Year Album % Correct
Studio 1994 Parklife
97%
Studio 1997 Blur
93%
Studio 1993 Modern Life Is Rubbish
87%
Studio 1999 13
85%
Studio 1995 The Great Escape
85%
Studio 1991 Leisure
83%
Studio 2003 Think Tank
79%
Studio 2015 The Magic Whip
78%
Compilation 2000 Blur: The Best Of
57%
Live 2012 Parklive
43%
Live 2009 All the People: Blur Live at Hyde Park 02 July 2009
35%
Live 2009 All the People: Blur Live at Hyde Park 03 July 2009
35%
Remix 1998 Bustin' + Dronin'
21%
Live 1996 Live at the Budokan
18%
Compilation 2009 Midlife: A Beginner's Guide to Blur
18%
Compilation 1994 The Special Collectors Edition
5%
Live 2009 Live 2009
2%
No matching quizzes found
Score Distribution
Percent of People with Each Score
Percentile by Number Answered
Your Score History
You have not taken this quiz